| 000 | 00521nam a22001457a 4500 | ||
|---|---|---|---|
| 003 | OSt | ||
| 005 | 20260601090521.0 | ||
| 008 | 260601b |||||||| |||| 00| 0 eng d | ||
| 040 | _cKMU | ||
| 100 |
_aHatyoka, Luckson; Muwowo, Danny _eICT with Education |
||
| 245 |
_aA Quickride Android Application for Enhanced Transportation Solutions for Kapasa Makasa University/ _cLuckson Hatyoka and Danny Muwowo |
||
| 260 |
_aChinsali: _bKapasa Makasa University, _c2025. |
||
| 300 |
_a45 pages; _bIllustrations: _c30 cm. |
||
| 942 |
_cPR _n0 |
||
| 999 |
_c2614 _d2614 |
||